| 000 | 00692nam a22002057a 4500 | ||
|---|---|---|---|
| 008 | 230515s1968 ag ||||| |||| 00| 0 spa d | ||
| 110 | 2 | _aCentro Azucarero Regional del Norte argentino | |
| 245 | 1 | 0 | _aLa industria azucarera en Salta y Jujuy |
| 260 |
_a[Lugar de publicación no identificado] : _b[Centro Azucarero Regional del Norte argentino], _c1968. |
||
| 300 | _a1 volumen | ||
| 505 |
_tResumen histórico -- _tLa producción de azúcar -- _tResumen individual de ingenios del Norte. |
||
| 942 | _cLIBRO | ||
| 003 | AR-BaAGN | ||
| 005 | 20230516142335.0 | ||
| 007 | ta | ||
| 040 |
_aAR-BaAGN _bspa _eaacr |
||
| 336 |
_2rdacontent _btxt |
||
| 337 |
_2rdamedia _bn |
||
| 338 |
_2rdacarrier _bnc |
||
| 999 |
_c47931 _d47931 |
||